Czego jest więcej? - Statystyki

Ogólne statystyki
  • Ten quiz został rozwiązany 56 razy
  • Średni wynik to 7 z 15
Statystyki odpowiedzi
Zagadnienie Odpowiedź % Poprawnych
Czego jest więcej? Kości w ciele dorosłego człowieka
82%
Czego jest więcej? Miast w Polsce
75%
Czego jest więcej? Zawodników w obu drużynach grających mecz piłki nożnej
71%
Czego jest więcej? Jest ich tyle samo
69%
Czego jest więcej? Psów w Polsce
69%
Czego jest więcej? Atomów w cząsteczce sacharozy
55%
Czego jest więcej? Słów we wszystkich 7 częściach Harry'ego Pottera
53%
Czego jest więcej? Gwiazd w widzialnym wszechświecie
41%
Czego jest więcej? Możliwych legalnych pozycji na szachownicy
41%
Czego jest więcej? Jest ich tyle samo
37%
Czego jest więcej? Subskrybentów MrBeasta
35%
Czego jest więcej? Kilogramów wagi przeciętnego konia domowego
33%
Czego jest więcej? Osób chorych na cukrzycę
31%
Czego jest więcej? Jest ich tyle samo
24%
Czego jest więcej? Utworów zespołu The Beatles
24%
Nie znaleziono quizów pasujących do podanych kryteriów
Rozkład punktacji
Procent ludzi z każdym wynikiem
Percentyl według liczby udzielonych odpowiedzi
Twoja historia wyników
Nie rozwiązałeś tego quizu